Statistiques concernant Régions françaises par superficie forestière

Cliquez ici pour prendre le quiz!

Statistiques générales

  • Ce quiz a été pris 62 fois
  • Le résultat moyen est 3 sur 5

Statistiques - réponses

Forêts (%)Régions% Correct
99Guyane
91%
43Martinique
70%
53La Réunion
68%
46Corse
59%
43Provence-Alpes-Côte d'Azur
54%

Distribution des résultats

Percentile par nombre de réponses

% des personnes avec chaque résultat

Votre développement - résultats

Vous n’avez pas pris ce quiz